| 000 | 00640cam a2200229 4500 | ||
|---|---|---|---|
| 001 | J87746 | ||
| 008 | 090401t1997 xxu||||| |||| 00| 0 eng d | ||
| 035 | _a(Sirsi) u82125 | ||
| 041 | _aeng | ||
| 050 | _a711.552 | ||
| 110 |
_aBritish Council of Shopping Centres _91982 |
||
| 245 | _aShopping centre progress 1997-98. | ||
| 260 |
_aLondon _bEstates Gazette _c1997 |
||
| 300 | _a133p. : ill. ; 30cm. | ||
| 350 | _a20 | ||
| 520 | _aReproduced in Estates Gazette 8 November 1997. | ||
| 650 | _aRETAILING | ||
| 650 | _aSHOPPING CENTRES | ||
| 690 | _aPROPERTY-COMMERCIAL PROPERTY-RETAIL PROPERTY | ||
| 942 | _n0 | ||
| 948 | _c14/11/1997 | ||
| 999 |
_c96766 _d96766 |
||